000 00723nam a22002417a 4500
005 20170124110156.0
010 _aA-898566
020 _c50.00
_a817564013
035 _aA-898566
037 _bCen Lib/Ret
040 _aDPL
_bEN
082 _a170
_bCHA
100 _aChanakya
_972219
245 _aEthics of chanakaya :
_cby Chanakya; translated by Tantrik Yogi Ramesh
_bchanakya neeti /
246 _b
260 _bSahni Publications
_c1998
_aDehli
270 _a4777, Dr. mitra gali, roshanara road
_bDehli
_e110007
300 _a180p.
_c19cm(Hb)
650 _aEthics
_911191
650 _aPolitical ethics
_934260
700 _aTantrik Yogi Ramesh
_935098
942 _2ddc
_cEN
_h170
_mCHA
999 _c132554
_d132554